Most infected countries by coronavirus - Statistics

General Stats
  • This quiz has been taken 19 times
  • The average score is 32 of 40
Answer Stats
Answer % Correct
31 Canada
100%
15 Germany
100%
12 Italy
100%
10 Mexico
100%
9 United Kingdom
100%
1 United States of America
100%
7 Argentina
94%
3 Brazil
94%
16 Chile
94%
5 France
94%
2 India
94%
19 Poland
94%
4 Russia
94%
6 Spain
94%
39 Sweden
94%
23 Netherlands
88%
28 Pakistan
88%
11 Peru
88%
27 Saudi Arabia
88%
13 South Africa
88%
18 Belgium
82%
25 Turkey
82%
22 Bangladesh
76%
8 Colombia
76%
36 Portugal
76%
20 Ukraine
76%
21 Indonesia
71%
14 Iran
71%
17 Iraq
71%
33 Switzerland
71%
38 Bolivia
65%
26 Czech Republic
65%
35 Ecuador
65%
29 Israel
65%
30 Romania
65%
32 Morocco
59%
34 Nepal
47%
24 Philippines
47%
40 United Arab Emirates
47%
37 Kazakhstan
41%
No matching quizzes found
Score Distribution
Percent of People with Each Score
Percentile by Number Answered
Your Score History
You have not taken this quiz